Sueños de sueños (Registro nro. 23039)

Detalles MARC
000 -CABECERA
Longitud fija campo de control 00732nam a2200229 a 4500
003 - IDENTIFICADOR DELl NÚMERO DE CONTROL
Identificador del número de control OSt
005 - FECHA Y HORA DE LA ÚLTIMA TRANSACCIÓN
Fecha y hora de la última transacción 20151021150332.0
008 - CÓDIGOS DE INFORMACIÓN DE LONGITUD FIJA
Códigos de información de longitud fija 080307s1996 esp ||| ||spa c
020 ## - NÚMERO INTERNACIONAL NORMALIZADO PARA LIBROS
Número Internacional Normalizado para Libros (ISBN) 84-339-0822-7
040 ## - FUENTE DE LA CATALOGACIÓN
Centro transcriptor BMC
082 ## - NÚMERO DE LA CLASIFICACIÓN DECIMAL DEWEY
Númeroo de clasificación 853
100 1# - PUNTO DE ACCESO PRINCIPAL-NOMBRE DE PERSONA
Nombre de persona Tabucchi, Antonio
Fechas asociadas al nombre 1943-2012
9 (RLIN) 36875
245 10 - MENCIÓN DE TÍTULO
Título Sueños de sueños
Resto del título : los últimos tres días de Fernando Pessoa
Mención de responsabilidad, etc. Antonio Tabucchi
260 ## - PUBLICACIÓN, DISTRIBUCIÓN, ETC. (PIE DE IMPRENTA)
Lugar de publicación, distribución, etc. Barcelona
Nombre del editor, distribuidor, etc. Anagrama
Fecha de publicación, distribución, etc. 1996
300 ## - DESCRIPCIÓN FÍSICA
Extensión 140 p.
Dimensiones 19 cm
490 0# - MENCIÓN DE SERIE
Mención de serie Panorama de narrativas
Designación de volumen o secuencia 352
546 ## - NOTA DE LENGUA
Nota de lengua Traducción de: Sogni di sogni. Gli ultimi tre di Fernando Pessoa
650 24 - PUNTO DE ACCESO ADICIONAL DE MATERIA - TÉRMINO DE MATERIA
9 (RLIN) 29384
Término de materia o nombre geográfico como elemento inicial Novela italiana
700 1# - PUNTO DE ACCESO ADICIONAL - NOMBRE DE PERSONA
9 (RLIN) 36876
Nombre de persona Gumpert Melgosa, Carlos
700 1# - PUNTO DE ACCESO ADICIONAL - NOMBRE DE PERSONA
9 (RLIN) 36877
Nombre de persona González Rovira, Xavier
942 ## - ENTRADA DE ELEMENTOS AGREGADOS (KOHA)
Fuente de clasificaión o esquema Dewey Decimal Classification
Koha [por defecto] tipo de item 1- Monografias
Existencias
Suprimido Perdido Fuente de clasificación o esquema Estropeado Restricciones de uso No para préstamo Código de colección Localización permanente Localización actual Localización en estanter&íacute;as Fecha adquisición Fuente de adquisición Número de inventario Préstamos totales Signatura completa Código de barras Fecha última consulta Coste, precio reemplazado Fecha del precio de reemplazo Tipo de item de Koha
NULL NULL Dewey Decimal Classification NULL Prestable NULL NULL Biblioteca Miguel de Cervantes - UNICAES Biblioteca Miguel de Cervantes - UNICAES Sala Principal 21/10/2015 Donación - ADESH 030647   N TAB sue 1034612 21/10/2015 17.00 21/10/2015 1- Monografias